[Event "Cracovia Chess Festival A 2021"]
[Site "Cracow"]
[Date "2022.01.02"]
[Round "7.1"]
[White "Licznerski, Lukasz"]
[Black "Warakomski, Tomasz"]
[Result "1-0"]
[WhiteElo "2411"]
[BlackElo "2535"]
[Annotator "TA"]
[PlyCount "131"]
[EventDate "2021.12.27"]
[EventCountry "POL"]
[SourceTitle "playchess.com"]
[Source "ChessBase"]
[SourceQuality "1"]

{[%evp 28,131,23,39,32,28,72,61,56,58,108,37,29,21,23,20,52,46,75,76,79,68,151,156,224,232,242,217,260,190,191,183,187,190,192,195,185,177,174,179,154,119,106,116,97,80,110,119,114,129,125,107,137,106,118,79,194,0,120,0,198,143,322,333,590,589,965,946,5057,4022,5069,5065,3412,3466,2295,2314,2001,2318,1970,2151,4606,4045,29978,29979,29978,29979,6211,29971,29971,29972,29972,29973,29971,29974,29974,29975,29973,29973,29974,29975,29975,29974,29972,29971,6087,5181]} 1. e4 c5 2. Nf3 d6 3. d4 cxd4 4. Nxd4 Nf6 5. Nc3 Nc6 6. Be2 e5 7. Nf3 h6 8. O-O Be7 9. Re1 Be6 10. h3 O-O 11. Bf1 Nb8 12. b3 Qc7 13. Bb2 a6 14. a4 Nbd7 15. Nd2 Qc6 {B58: Classical Sicilian: 6 Be2.} 16. Qf3 d5 (16... Rac8 $11) 17. exd5 $16 Nxd5 {White is slightly better.} 18. Bc4 {[#]} Nc7 $146 (18... Nb4 $14) ({Predecessor:} 18... Nf4 19. Qxc6 bxc6 20. Red1 Rfd8 21. Bxe6 Nxe6 22. Ne2 f6 23. Nc4 Bc5 24. Bc3 Nb6 {½-½ (36) Vogt,L (2505)-Pelletier,Y (2440) Arosa 1996}) 19. Qxc6 {White is more active.} (19. Bxe6 $16 Nxe6 20. Nd5) 19... bxc6 $14 20. Bxe6 Nxe6 21. Nce4 f5 22. Ng3 Bb4 23. Red1 Rad8 24. Nc4 e4 (24... f4 $14 25. Ne4 Nf6) 25. Nd6 $1 $16 Ndc5 {Inhibits Nb7.} (25... Nf6 $16) 26. Ndxf5 $18 (26. Ngxf5 $6 Kh7 27. Be5 Nd7) 26... Kh7 27. Nd4 Rd6 28. Ngf5 Nxd4 29. Rxd4 (29. Nxd6 Ne2+ 30. Kh1 (30. Kf1 Ng3+ 31. Kg1 Ne2+ 32. Kh2 Rxf2 $16) 30... Rxf2 $16) 29... Rxd4 30. Nxd4 e3 31. fxe3 Bd2 32. Bc1 Bc3 33. Rb1 {And now Ba3 would win.} Ne4 34. Nf3 c5 35. Ba3 Rd8 {To avoid Rd1} 36. Kh2 g5 37. g4 a5 38. Kg2 Kg6 39. Rf1 h5 40. gxh5+ Kxh5 41. Ng1 Kh4 (41... Kg6 $16) 42. Nf3+ (42. Bc1 $18) 42... Kh5 $16 43. Ng1 (43. Nh2 $16) 43... Kh4 $1 $18 44. Ne2 (44. Bc1 $18) 44... Rd2 $2 {This costs Black the game.} (44... Be5 $16) 45. Kf3 Rxc2 $2 (45... Bb4) 46. Kxe4 {Strongly threatening Kd3.} Rxe2 {[%mdl 4096] Endgame KRB-KRB} 47. Kd3 Re1 48. Rxe1 ({Weaker is} 48. Rf5 Bb4 $18) 48... Bxe1 {KB-KB} 49. e4 Bg3 50. Bc1 Bc7 51. Be3 Bd6 52. Bd2 Bc7 53. Ke2 Bd8 54. e5 $1 Kxh3 55. e6 $1 g4 {[#]} 56. Bxa5 $1 {[%mdl 512]} g3 57. Bxd8 {KB-KPP} (57. Be1 $18 Bf6 58. Bxg3 $1 {[%mdl 512]} Kxg3 59. a5) 57... g2 {[#]} 58. e7 $1 (58. Kf2 Kh2 59. e7 (59. Bc7+ $2 Kh1 $19) 59... g1=Q+ $17) 58... g1=Q 59. e8=Q Qg4+ 60. Kd2 Qd4+ 61. Kc2 Qf2+ 62. Kb1 Qg1+ 63. Ka2 Qf2+ 64. Ka3 Qd4 65. Qe6+ Kg2 66. Bf6 {Weighted Error Value: White=0.16 (very precise) /Black=0.40} 1-0

[Event "Cracovia Chess Festival A 2021"]
[Site "Cracow"]
[Date "2022.01.02"]
[Round "7.2"]
[White "Leniart, Arkadiusz"]
[Black "Kozak, Antoni"]
[Result "1/2-1/2"]
[WhiteElo "2472"]
[BlackElo "2356"]
[Annotator "TA"]
[PlyCount "97"]
[EventDate "2021.12.27"]
[EventCountry "POL"]
[SourceTitle "playchess.com"]
[Source "ChessBase"]
[SourceQuality "1"]

{[%evp 13,97,15,43,38,53,15,47,33,32,19,64,16,12,6,7,4,6,9,7,0,0,0,0,0,0,-15,-14,-11,-20,-27,-6,-12,-11,-36,-19,-29,0,0,0,0,0,0,0,0,0,0,0,0,0,0,0,-20,0,0,0,0,0,0,0,0,0,0,0,0,0,0,0,0,0,0,0,0,0,0,0,0,0,0,0,0,0,0,0,0,0,0]} 1. e4 c6 2. d4 d5 3. Nd2 {[%cal Bb1d2,Bd2e4,Be4g3,Bg3e2][%mdl 32]} dxe4 4. Nxe4 Bf5 5. Ng3 Bg6 6. Nh3 e6 {6...Nf6 is the hot move.} 7. Nf4 Qh4 8. Be2 {B18: Classical Caro-Kann: 4...Bf5 sidelines.} Nf6 9. Bf3 ({Of course not} 9. Nxg6 hxg6 10. c3 Nbd7 $11) 9... Bd6 10. Nge2 {[#] White is slightly better.} Be4 $146 {[#]} ({Predecessor:} 10... Nd5 11. Nxg6 hxg6 12. c4 Ne7 13. Qb3 b6 14. g3 Qf6 15. h4 Nf5 16. Bg5 Nxd4 17. Nxd4 Qxd4 {1-0 (29) Aghasaryan,R (2502)-Petrosyan,M (2378) Jermuk 2014}) 11. g3 $1 Qg5 {[#]} 12. Bxe4 (12. Nxe6 $1 $14 Qg6 13. N6f4 Bxf4 14. Nxf4 Bxf3 15. Qxf3 (15. Nxg6 Bxd1 16. Nxh8 Bxc2 $15) 15... Qxc2 16. Qe3+ Qe4 17. Qxe4+ Nxe4 18. d5) 12... Nxe4 $11 13. O-O {f3 is the strong threat.} Qe7 14. Nh5 O-O 15. Qd3 Nf6 16. Bg5 Nbd7 17. f4 h6 18. Bh4 Qd8 19. f5 {Black must now prevent fxe6.} e5 20. Nxf6+ Nxf6 21. Rad1 exd4 22. Qxd4 Be7 23. Kg2 Re8 24. Nc3 Qb6 (24... Qa5 $5 {[%cal Ra8d8]}) 25. Qxb6 $1 {The position is equal.} axb6 26. Rfe1 Bb4 {Threatens to win with ...Rxe1.} 27. Rxe8+ Rxe8 28. Bxf6 gxf6 29. Rd3 Bxc3 30. Rxc3 {[%mdl 4096] Endgame KR-KR} Re2+ 31. Kf3 Rxh2 32. a4 b5 33. axb5 cxb5 34. Rc7 h5 35. Rxb7 Rxc2 36. Rxb5 Kg7 37. Rb6 Rc5 38. Kf4 Rc4+ 39. Ke3 Rc5 40. Ke4 Re5+ 41. Kf4 Re1 42. Rb3 Kh6 43. Re3 Rf1+ 44. Rf3 Rb1 45. b3 Re1 46. Re3 Rf1+ 47. Rf3 Re1 48. Rc3 Rf1+ 49. Rf3 {Weighted Error Value: White=0.04 (flawless) /Black=0.04 (flawless)} 1/2-1/2

[Event "Cracovia Chess Festival A 2021"]
[Site "Cracow"]
[Date "2022.01.02"]
[Round "7.3"]
[White "Horvath, Dominik"]
[Black "Pniaczek, Marek"]
[Result "1-0"]
[WhiteElo "2478"]
[BlackElo "2329"]
[Annotator "ChessBase"]
[PlyCount "63"]
[EventDate "2021.12.27"]
[EventCountry "POL"]
[SourceTitle "playchess.com"]
[Source "ChessBase"]
[SourceQuality "1"]
[TimeControl "40/5400+30:1800+30"]

1. e4 {[%emt 0:00:13]} e5 {[%emt 0:00:04]} 2. Nf3 {[%emt 0:00:04]} Nc6 {[%emt 0:00:02]} 3. Bb5 {[%emt 0:00:05]} a6 {[%emt 0:00:04]} 4. Ba4 {[%emt 0:00:02]} Nf6 {[%emt 0:00:06]} 5. O-O {[%emt 0:00:03]} Be7 {[%emt 0:00:07]} 6. Re1 {[%emt 0:00:04]} b5 {[%emt 0:00:03]} 7. Bb3 {[%emt 0:00:04]} O-O {[%emt 0:00:04]} 8. a4 {[%emt 0:00:03]} Bb7 {[%emt 0:01:15]} 9. d3 {[%emt 0:00:06]} d6 {[%emt 0:00:04]} 10. Bd2 {[%emt 0:00:04]} Qd7 {[%emt 0:01:16]} 11. h3 {[%emt 0:01:43]} h6 {[%emt 0:00:51]} 12. Nc3 {[%emt 0:00:33]} Na5 {[%emt 0:00:23]} 13. Ba2 {[%emt 0:00:32]} c5 {[%emt 0:01:32]} 14. Ne2 {[%emt 0:08:19]} Nc6 {[%emt 0:01:20]} 15. Ng3 {[%emt 0:00:04]} Rfe8 {[%emt 0:07:06]} 16. Nh2 {[%emt 0:07:11]} Bf8 {[%emt 0:01:53]} 17. Nh5 {[%emt 0:07:32]} Qe7 {[%emt 0:17:25]} 18. Re3 {[%emt 0:02:33]} Nd8 {[%emt 0:24:00]} 19. Rg3 {[%emt 0:01:04]} Kh8 {[%emt 0:03:02]} 20. Nxf6 {[%emt 0:04:29]} Qxf6 {[%emt 0:00:09]} 21. Ng4 {[%emt 0:00:05]} Qh4 {[%emt 0:01:59]} 22. Qf3 {[%emt 0:00:42]} Be7 {[%emt 0:06:24]} 23. Ne3 {[%emt 0:01:00]} Bc8 {[%emt 0:05:48]} 24. Bd5 {[%emt 0:01:37]} Rb8 {[%emt 0:01:05]} 25. axb5 {[%emt 0:00:11]} axb5 {[%emt 0:00:21]} 26. Ra7 {[%emt 0:00:16]} Be6 {[%emt 0:03:01]} 27. Nf5 {[%emt 0:01:12]} Bxf5 {[%emt 0:00:27]} 28. Qxf5 {[%emt 0:00:17]} Bf6 {[%emt 0:02:41]} 29. Rg4 {[%emt 0:00:15]} g6 {[%emt 0:00:52]} 30. Qd7 {[%emt 0:00:14]} Re7 {[%emt 0:00:25]} 31. Rxh4 {[%emt 0:00:44]} Rxd7 {[%emt 0:00:05]} 32. Rxh6+ {[%emt 0:00:03]} 1-0

[Event "Cracovia Chess Festival A 2021"]
[Site "Cracow"]
[Date "2022.01.02"]
[Round "7.4"]
[White "Jarmula, Lukasz"]
[Black "Cukrowski, Filip"]
[Result "1-0"]
[WhiteElo "2426"]
[BlackElo "2367"]
[Annotator "ChessBase"]
[PlyCount "38"]
[EventDate "2021.12.27"]
[EventCountry "POL"]
[SourceTitle "playchess.com"]
[Source "ChessBase"]
[SourceQuality "1"]
[TimeControl "40/5400+30:1800+30"]

1. d4 {[%emt 0:00:02]} d5 {[%emt 0:11:29]} 2. Nf3 {[%emt 0:00:14]} Nf6 {[%emt 0:00:06]} 3. Bf4 {[%emt 0:01:44]} c5 {[%emt 0:07:41]} 4. e3 {[%emt 0:00:09]} Nc6 {[%emt 0:06:20]} 5. Be2 {[%emt 0:00:46]} cxd4 {[%emt 0:00:25]} 6. exd4 {[%emt 0:00:12]} g6 {[%emt 0:00:07]} 7. Nbd2 {[%emt 0:02:18]} Bg7 {[%emt 0:00:26]} 8. O-O {[%emt 0:01:26]} O-O {[%emt 0:00:05]} 9. c3 {[%emt 0:00:28]} Nh5 {[%emt 0:04:50]} 10. Be3 {[%emt 0:00:35]} Qc7 {[%emt 0:00:36]} 11. Re1 {[%emt 0:00:41]} Bd7 {[%emt 0:14:45]} 12. b4 {[%emt 0:05:58]} Nf6 {[%emt 0:05:57]} 13. h3 {[%emt 0:03:45]} Rad8 {[%emt 0:18:05]} 14. a4 {[%emt 0:07:47]} e5 {[%emt 0:01:13]} 15. dxe5 {[%emt 0:12:59]} Ne4 {[%emt 0:01:05]} 16. Rc1 {[%emt 0:00:37]} Nxe5 {[%emt 0:00:30]} 17. Bd4 {[%emt 0:01:13]} Nxf3+ {[%emt 0:02:46]} 18. Bxf3 {[%emt 0:03:56]} Bh6 {[%emt 0:09:33]} 19. Bxe4 {[%emt 0:02:32]} Bxa4 1-0

[Event "Cracovia Chess Festival A 2021"]
[Site "Cracow"]
[Date "2022.01.02"]
[Round "7.5"]
[White "Chakravarthi Reddy, M."]
[Black "Golubka, Petro"]
[Result "1/2-1/2"]
[WhiteElo "2342"]
[BlackElo "2408"]
[Annotator "ChessBase"]
[PlyCount "101"]
[EventDate "2021.12.27"]
[EventCountry "POL"]
[SourceTitle "playchess.com"]
[Source "ChessBase"]
[SourceQuality "1"]
[TimeControl "40/5400+30:1800+30"]

1. d4 {[%emt 0:03:12]} Nf6 {[%emt 0:07:35]} 2. c4 {[%emt 0:01:12]} e6 {[%emt 0:01:01]} 3. Nf3 {[%emt 0:00:03]} b6 {[%emt 0:00:04]} 4. a3 {[%emt 0:00:05]} Bb7 {[%emt 0:01:35]} 5. Nc3 {[%emt 0:00:30]} Ne4 {[%emt 0:00:11]} 6. Nxe4 {[%emt 0:08:41]} Bxe4 {[%emt 0:00:02]} 7. Nd2 {[%emt 0:00:06]} Bg6 {[%emt 0:00:07]} 8. g3 {[%emt 0:01:35]} Nc6 {[%emt 0:00:26]} 9. e3 {[%emt 0:00:10]} Be7 {[%emt 0:05:44]} 10. Bg2 {[%emt 0:00:13]} O-O {[%emt 0:00:47]} 11. b4 {[%emt 0:01:53]} Rb8 {[%emt 0:01:17]} 12. Bb2 {[%emt 0:00:53]} a5 {[%emt 0:00:44]} 13. d5 {[%emt 0:06:14]} Na7 {[%emt 0:02:28]} 14. O-O {[%emt 0:01:01]} axb4 {[%emt 0:04:02]} 15. axb4 {[%emt 0:00:05]} Nc8 {[%emt 0:00:05]} 16. Qb3 {[%emt 0:04:22]} Bf6 {[%emt 0:02:38]} 17. e4 {[%emt 0:00:41]} Bxb2 {[%emt 0:00:22]} 18. Qxb2 {[%emt 0:00:04]} f6 {[%emt 0:03:53]} 19. f4 {[%emt 0:01:03]} Nd6 {[%emt 0:00:44]} 20. Rfe1 {[%emt 0:02:10]} h5 {[%emt 0:07:09]} 21. dxe6 {[%emt 0:27:20]} dxe6 {[%emt 0:02:08]} 22. e5 {[%emt 0:00:29]} fxe5 {[%emt 0:01:22]} 23. Qxe5 {[%emt 0:00:04]} Bf5 {[%emt 0:02:29]} 24. Rad1 {[%emt 0:09:56]} Qf6 {[%emt 0:00:52]} 25. Qxf6 {[%emt 0:02:17]} gxf6 {[%emt 0:01:22]} 26. Bf3 {[%emt 0:01:01]} Bg4 {[%emt 0:01:18]} 27. Bxg4 {[%emt 0:00:25]} hxg4 {[%emt 0:00:13]} 28. Rxe6 {[%emt 0:00:34]} Rbd8 {[%emt 0:05:43]} 29. Ree1 {[%emt 0:05:49]} Kf7 {[%emt 0:02:50]} 30. c5 {[%emt 0:08:55]} Nf5 {[%emt 0:09:56]} 31. Nb3 {[%emt 0:02:08]} Rfe8 {[%emt 0:02:45]} 32. Kf2 {[%emt 0:00:48]} Rxd1 {[%emt 0:06:12]} 33. Rxd1 {[%emt 0:00:18]} Re4 {[%emt 0:03:30]} 34. Rd7+ {[%emt 0:00:46]} Kg6 {[%emt 0:01:45]} 35. Rxc7 {[%emt 0:02:20]} Rxb4 {[%emt 0:00:08]} 36. Nd2 {[%emt 0:00:54]} Rb2 {[%emt 0:00:29]} 37. Ke1 {[%emt 0:00:44]} bxc5 {[%emt 0:02:24]} 38. Rxc5 {[%emt 0:00:04]} Ra2 {[%emt 0:01:58]} 39. Rc3 {[%emt 0:02:40]} Rb2 {[%emt 0:01:52]} 40. Rd3 {[%emt 0:00:00]} Ra2 {[%emt 0:00:00]} 41. Ke2 {[%emt 0:01:37]} Rb2 {[%emt 0:01:09]} 42. Rd8 {[%emt 0:00:17]} Kf7 {[%emt 0:00:59]} 43. Kd3 {[%emt 0:02:05]} Ra2 {[%emt 0:02:28]} 44. Rb8 {[%emt 0:06:38]} Nd6 {[%emt 0:01:18]} 45. Rd8 {[%emt 0:02:17]} Nf5 {[%emt 0:00:33]} 46. Rc8 {[%emt 0:07:06]} Ra3+ {[%emt 0:01:08]} 47. Rc3 {[%emt 0:00:14]} Ra4 {[%emt 0:00:40]} 48. Rc7+ {[%emt 0:01:16]} Kg6 {[%emt 0:02:24]} 49. Rc4 {[%emt 0:03:46]} Ra3+ {[%emt 0:01:29]} 50. Rc3 {[%emt 0:00:04]} Ra4 {[%emt 0:00:06]} 51. Rc4 {[%emt 0:00:10]} 1/2-1/2

[Event "Cracovia Chess Festival A 2021"]
[Site "Cracow"]
[Date "2022.01.02"]
[Round "7.6"]
[White "Dzida, Kamil"]
[Black "Zylka, Stanislaw"]
[Result "0-1"]
[WhiteElo "2238"]
[BlackElo "2406"]
[Annotator "ChessBase"]
[PlyCount "56"]
[EventDate "2021.12.27"]
[EventCountry "POL"]
[SourceTitle "playchess.com"]
[Source "ChessBase"]
[SourceQuality "1"]
[TimeControl "40/5400+30:1800+30"]

1. e4 {[%emt 0:00:02]} e6 {[%emt 0:00:30]} 2. d4 {[%emt 0:00:07]} d5 {[%emt 0:00:09]} 3. Nc3 {[%emt 0:00:11]} Nf6 {[%emt 0:00:10]} 4. e5 {[%emt 0:00:05]} Nfd7 {[%emt 0:00:04]} 5. f4 {[%emt 0:00:08]} c5 {[%emt 0:00:04]} 6. Nf3 {[%emt 0:00:08]} Nc6 {[%emt 0:00:08]} 7. Be3 {[%emt 0:00:14]} Be7 {[%emt 0:00:06]} 8. Qd2 {[%emt 0:00:22]} O-O {[%emt 0:00:10]} 9. dxc5 {[%emt 0:01:50]} Qa5 {[%emt 0:00:38]} 10. O-O-O {[%emt 0:02:44]} b6 {[%emt 0:00:47]} 11. Bb5 {[%emt 0:09:34]} Nb4 {[%emt 0:00:18]} 12. a3 {[%emt 0:20:11]} bxc5 {[%emt 0:00:21]} 13. Kb1 {[%emt 0:08:02]} Rb8 {[%emt 0:00:21]} 14. Bxd7 {[%emt 0:06:18]} Bxd7 {[%emt 0:00:21]} 15. Ne4 {[%emt 0:01:46]} dxe4 {[%emt 0:05:46]} 16. axb4 {[%emt 0:00:12]} Rxb4 {[%emt 0:00:25]} 17. Qc3 {[%emt 0:03:27]} Bc6 {[%emt 0:01:43]} 18. Nd2 {[%emt 0:00:17]} Bd5 {[%emt 0:00:40]} 19. Nb3 {[%emt 0:00:34]} Qb5 {[%emt 0:01:12]} 20. f5 {[%emt 0:03:11]} Rb8 {[%emt 0:01:32]} 21. Bc1 {[%emt 0:00:21]} Bxb3 {[%emt 0:06:49]} 22. f6 {[%emt 0:00:05]} Bf8 {[%emt 0:00:33]} 23. cxb3 {[%emt 0:00:04]} Rxb3 {[%emt 0:00:14]} 24. Qc2 {[%emt 0:00:12]} c4 {[%emt 0:00:18]} 25. Rhf1 {[%emt 0:01:23]} c3 {[%emt 0:03:29]} 26. fxg7 {[%emt 0:00:02]} Bxg7 {[%emt 0:00:24]} 27. Qf2 {[%emt 0:00:09]} Kh8 {[%emt 0:00:35]} 28. h4 {[%emt 0:04:01]} e3 {[%emt 0:01:03]} 0-1

[Event "Cracovia Chess Festival A 2021"]
[Site "Cracow"]
[Date "2022.01.02"]
[Round "7.7"]
[White "Kacprzak, Kacper"]
[Black "Pacan-Milej, Kosma"]
[Result "1/2-1/2"]
[WhiteElo "2219"]
[BlackElo "2401"]
[Annotator "ChessBase"]
[PlyCount "35"]
[EventDate "2021.12.27"]
[EventCountry "POL"]
[SourceTitle "playchess.com"]
[Source "ChessBase"]
[SourceQuality "1"]
[TimeControl "40/5400+30:1800+30"]

1. e4 {[%emt 0:00:12]} c6 {[%emt 0:00:14]} 2. d4 {[%emt 0:00:06]} d5 {[%emt 0:00:05]} 3. Nc3 {[%emt 0:00:05]} dxe4 {[%emt 0:00:06]} 4. Nxe4 {[%emt 0:00:05]} Nf6 {[%emt 0:00:06]} 5. Nxf6+ {[%emt 0:01:52]} exf6 {[%emt 0:00:05]} 6. c3 {[%emt 0:00:05]} Bd6 {[%emt 0:00:10]} 7. Bd3 {[%emt 0:00:14]} O-O {[%emt 0:00:23]} 8. Qc2 {[%emt 0:00:33]} Re8+ {[%emt 0:00:13]} 9. Ne2 {[%emt 0:00:09]} h5 {[%emt 0:00:41]} 10. O-O {[%emt 0:02:17]} h4 {[%emt 0:02:06]} 11. h3 {[%emt 0:05:47]} Nd7 {[%emt 0:02:47]} 12. Bd2 {[%emt 0:02:34]} Nf8 {[%emt 0:02:23]} 13. Rae1 {[%emt 0:02:51]} Be6 {[%emt 0:07:20]} 14. f4 {[%emt 0:02:34]} c5 {[%emt 0:16:29]} 15. Kh1 {[%emt 0:03:57]} Rc8 {[%emt 0:12:23]} 16. c4 {[%emt 0:12:57]} Qc7 {[%emt 0:17:13]} 17. b3 {[%emt 0:16:19]} Bd7 {[%emt 0:09:50]} 18. Qb1 {[%emt 0:09:00]} 1/2-1/2

[Event "Cracovia Chess Festival A 2021"]
[Site "Cracow"]
[Date "2022.01.02"]
[Round "7.8"]
[White "Chylewski, Patryk"]
[Black "Turski, Bartlomiej"]
[Result "1/2-1/2"]
[WhiteElo "2303"]
[BlackElo "2114"]
[Annotator "TA"]
[PlyCount "131"]
[EventDate "2021.12.27"]
[EventCountry "POL"]
[SourceTitle "playchess.com"]
[Source "ChessBase"]
[SourceQuality "1"]

{[%evp 24,131,34,40,54,36,100,64,114,0,0,0,0,-148,-119,-137,-139,-95,-79,-248,-198,-199,-112,-103,24,18,75,73,83,83,78,82,88,49,101,98,106,66,74,72,61,61,75,61,123,77,101,73,88,21,23,8,8,8,8,8,8,8,8,8,8,8,8,8,8,8,8,8,8,8,8,8,8,8,8,8,8,8,8,8,8,8,8,8,8,0,8,7,8,8,8,8,8,0,8,8,8,0,8,8,8,8,8,8,8,8,8,8,8,8]} 1. d4 Nf6 2. c4 g6 3. Nc3 Bg7 4. e4 d6 5. f3 O-O 6. Nge2 c5 7. Be3 Nbd7 8. d5 Ne5 9. Ng3 h5 10. Be2 e6 11. O-O a6 12. a4 exd5 13. cxd5 ({But not} 13. Nxd5 Nxd5 14. exd5 f5 $15) 13... Re8 {A65: Modern Benoni: 6 e4.} 14. Bg5 Rb8 (14... Qa5 $14) 15. Qd2 c4 {[#]} (15... h4 $14) 16. Be3 $146 ({Better is} 16. f4 $16 Nd3 17. Kh1) ({Predecessor:} 16. a5 Qc7 17. Bxf6 Bxf6 18. f4 Nd7 19. e5 Qc5+ 20. Kh1 dxe5 21. f5 Kg7 22. fxg6 fxg6 23. Nxh5+ gxh5 24. Rxf6 Nxf6 {1-0 (31) Emodi,B (2315)-Molnar,B Sarospatak 1996}) 16... b5 $11 17. axb5 axb5 18. b4 (18. Ra7 $11 {remains equal.}) 18... cxb3 $1 $17 {And now ...h4 would win.} 19. Nxb5 h4 {[%cal Oe5g4]} 20. Nh1 h3 21. Nd4 $2 (21. Ng3 $17) 21... hxg2 $1 $19 22. Kxg2 {[#]} b2 ({Not} 22... Qd7 23. Nf2 $11) (22... Nxf3 $1 $19 {[%mdl 512]} 23. Bxf3 Nxe4 24. Bxe4 Rxe4) 23. Rab1 $17 {[#]} Qc7 ({Black should try} 23... Nxf3 $1 $17 {[%mdl 512]} 24. Bxf3 Nxe4 25. Bxe4 Rxe4) 24. Rxb2 $11 {Black should prevent Rc2.} Rxb2 (24... Neg4 $11 {keeps the balance.} 25. fxg4 Rxb2 26. Qxb2 Rxe4) 25. Qxb2 $16 Nc4 (25... Qd7 $2 26. Nf2 $18) 26. Bxc4 Qxc4 27. Rc1 Qa4 28. Qb3 Qd7 (28... Qxb3 $14 29. Nxb3 Bb7) 29. Nf2 {Active counter play!} Nh5 {[%cal Bf6h5,Bh5f4,Bf4e2][%mdl 32]} 30. Qb5 (30. Qb6 {keeps more tension.} Be5 31. Nc6 Bf4 32. Ra1 Bxe3 33. Qxe3 Bb7 34. Qc1) 30... Bxd4 31. Qxd7 Bxd7 32. Bxd4 Nf4+ {[#]} 33. Kh1 $1 ({Don't play} 33. Kf1 Bb5+ 34. Ke1 Ne2 $11) 33... Bb5 (33... Ne2 $14 34. Rd1 f5) 34. h4 ({White should play} 34. Ng4 Kf8 35. Nf6) 34... Ne2 {[%csl LRc1,LRd4]} 35. Rd1 f5 36. Bb2 (36. Kg2 $16) 36... Nf4 $1 $11 37. Bc1 Be2 $1 {[%csl LRd1,LRf3] The position is equal.} 38. Bxf4 Bxf3+ 39. Kh2 Bxd1 40. Nxd1 {exf5 is the strong threat.} Rxe4 41. Kg3 Rd4 42. Ne3 Rd3 43. Kf3 Rd4 $1 44. h5 gxh5 45. Nxf5 Rd1 46. Ne3 Rd4 47. Bxd6 Kf7 48. Be5 Ra4 49. Nf5 h4 50. Nd4 h3 51. Ke4 Ra2 52. Nf3 {Threatens to win with Ng5+.} Ke7 53. Kf5 Ra5 54. Ke4 Ra2 55. Bf4 Re2+ 56. Kf5 Ra2 57. Bc7 Kd7 58. Bb8 Rb2 59. Bf4 Ra2 60. Ne5+ Kc8 61. Ng4 Kd7 62. d6 h2 63. Nxh2 Rf2 64. Ng4 Rxf4+ {[%mdl 64] Remove Defender} 65. Kxf4 Kxd6 66. Ke4 {Weighted Error Value: White=0.21 (precise) /Black=0.13 (very precise)} 1/2-1/2

[Event "Cracovia Chess Festival A 2021"]
[Site "Cracow"]
[Date "2022.01.02"]
[Round "7.9"]
[White "Gahan M G"]
[Black "Danielyan, Vahe"]
[Result "1/2-1/2"]
[WhiteElo "2248"]
[BlackElo "2332"]
[Annotator "ChessBase"]
[PlyCount "37"]
[EventDate "2021.12.27"]
[EventCountry "POL"]
[SourceTitle "playchess.com"]
[Source "ChessBase"]
[SourceQuality "1"]
[TimeControl "40/5400+30:1800+30"]

1. e4 {[%emt 0:00:36]} e5 {[%emt 0:00:45]} 2. Nf3 {[%emt 0:00:07]} Nc6 {[%emt 0:00:04]} 3. d4 {[%emt 0:00:04]} exd4 {[%emt 0:00:07]} 4. Nxd4 {[%emt 0:00:02]} Bb4+ {[%emt 0:00:07]} 5. Nc3 {[%emt 0:00:31]} Nf6 {[%emt 0:00:07]} 6. Nxc6 {[%emt 0:00:05]} bxc6 {[%emt 0:00:03]} 7. Bd3 {[%emt 0:00:04]} d5 {[%emt 0:00:02]} 8. exd5 {[%emt 0:00:07]} O-O {[%emt 0:00:05]} 9. O-O {[%emt 0:00:13]} cxd5 {[%emt 0:00:03]} 10. Bg5 {[%emt 0:00:05]} c6 {[%emt 0:00:04]} 11. Qf3 {[%emt 0:00:05]} Bd6 {[%emt 0:00:04]} 12. Rae1 {[%emt 0:00:11]} Rb8 {[%emt 0:00:37]} 13. b3 {[%emt 0:00:10]} Rb4 {[%emt 0:00:24]} 14. h3 {[%emt 0:00:35]} a5 {[%emt 0:00:41]} 15. Ne2 {[%emt 0:01:42]} Bc7 {[%emt 0:03:42]} 16. Ng3 {[%emt 0:03:53]} Qd6 {[%emt 0:00:26]} 17. Bxf6 {[%emt 0:01:34]} Qxf6 {[%emt 0:01:53]} 18. Qxf6 {[%emt 0:00:07]} gxf6 {[%emt 0:00:04]} 19. Re7 {[%emt 0:03:40]} 1/2-1/2

[Event "Cracovia Chess Festival A 2021"]
[Site "Cracow"]
[Date "2022.01.02"]
[Round "7.10"]
[White "Dev, Shah"]
[Black "Sengupta, Deep"]
[Result "0-1"]
[WhiteElo "2243"]
[BlackElo "2520"]
[Annotator "ChessBase"]
[PlyCount "58"]
[EventDate "2021.12.27"]
[EventCountry "POL"]
[SourceTitle "playchess.com"]
[Source "ChessBase"]
[SourceQuality "1"]
[TimeControl "40/5400+30:1800+30"]

1. d4 {[%emt 0:00:07]} b6 {[%emt 0:00:54]} 2. c4 {[%emt 0:00:12]} Bb7 {[%emt 0:00:04]} 3. Nf3 {[%emt 0:02:43]} e6 {[%emt 0:00:33]} 4. g3 {[%emt 0:01:05]} c5 {[%emt 0:01:25]} 5. d5 {[%emt 0:01:31]} b5 {[%emt 0:01:05]} 6. e4 {[%emt 0:04:43]} Ne7 {[%emt 0:39:26]} 7. Nc3 {[%emt 0:08:52]} b4 {[%emt 0:10:03]} 8. Nb5 {[%emt 0:03:09]} Ng6 {[%emt 0:02:52]} 9. d6 {[%emt 0:01:07]} Na6 {[%emt 0:00:04]} 10. Qd3 {[%emt 0:17:45]} Qb6 {[%emt 0:02:56]} 11. Be3 {[%emt 0:05:02]} Rc8 {[%emt 0:00:48]} 12. Bg2 {[%emt 0:03:47]} f6 {[%emt 0:00:52]} 13. h4 {[%emt 0:01:32]} h5 {[%emt 0:00:03]} 14. O-O {[%emt 0:05:31]} Nb8 {[%emt 0:07:13]} 15. e5 {[%emt 0:02:02]} Kf7 {[%emt 0:00:03]} 16. exf6 {[%emt 0:01:40]} gxf6 {[%emt 0:00:07]} 17. a4 {[%emt 0:02:30]} Bxf3 {[%emt 0:07:35]} 18. Bxf3 {[%emt 0:07:21]} Ne5 {[%emt 0:00:08]} 19. Qe2 {[%emt 0:00:22]} Nxf3+ {[%emt 0:00:05]} 20. Qxf3 {[%emt 0:00:06]} a6 {[%emt 0:00:10]} 21. a5 {[%emt 0:00:28]} Qc6 {[%emt 0:00:09]} 22. Qe2 {[%emt 0:02:54]} Qb7 {[%emt 0:12:48]} 23. Rfd1 {[%emt 0:01:13]} Nc6 {[%emt 0:00:03]} 24. Bxc5 {[%emt 0:01:26]} Ne5 {[%emt 0:00:27]} 25. f4 {[%emt 0:01:22]} Rxc5 {[%emt 0:03:22]} 26. fxe5 {[%emt 0:00:08]} Rxe5 {[%emt 0:00:15]} 27. Qf1 {[%emt 0:01:31]} axb5 {[%emt 0:01:51]} 28. a6 {[%emt 0:00:33]} Qa7+ {[%emt 0:00:26]} 29. Kh2 {[%emt 0:00:12]} Rf5 {[%emt 0:00:52]} 0-1